|
|
|
|
| LEADER |
00000nam0a2200000 4500 |
| 001 |
673480 |
| 005 |
20240704141113.0 |
| 090 |
|
|
|a 673480
|
| 100 |
|
|
|a 20240702d1979 km|y0rusy50 ca
|
| 101 |
0 |
|
|a rus
|
| 102 |
|
|
|a RU
|
| 105 |
|
|
|a a z 001yy
|
| 181 |
|
0 |
|a i
|b e
|
| 182 |
|
0 |
|a n
|
| 183 |
|
0 |
|a nc
|2 RDAcarrier
|
| 200 |
1 |
|
|a Эффективность наплавки и сварки взрывом
|f А. Иванютенко
|
| 203 |
|
|
|a Текст
|b визуальный
|c непосредственный
|
| 210 |
|
|
|a Новосибирск
|c Западно-Сибирское книжное изд-во
|d 1979
|
| 215 |
|
|
|a 80 с.
|c ил.
|
| 283 |
|
|
|a volume
|2 RDAcarrier
|
| 320 |
|
|
|a Литература: с. 78
|
| 606 |
1 |
|
|a Наплавка
|9 87005
|
| 610 |
1 |
|
|a сварка взрывом
|
| 610 |
1 |
|
|a детали
|
| 610 |
1 |
|
|a износ
|
| 610 |
1 |
|
|a биметаллы
|
| 610 |
1 |
|
|a эксплуатационные характеристики
|
| 610 |
1 |
|
|a экономическая эффективность
|
| 675 |
|
|
|a 621.791.92
|v 4
|
| 700 |
|
|
|a Иванютенко
|b И.
|
| 801 |
|
0 |
|a RU
|b 63413507
|c 20240702
|
| 830 |
|
|
|a Ретро2024Каталогизация Шило
|
| 850 |
|
|
|a 63413507
|
| 942 |
|
|
|c BK
|